书目信息 |
| 题名: |
中国建设年鉴2011
|
|
| 作者: | ;《中国建设年鉴》编委会 编 | |
| 分册: | ||
| 出版信息: | 北京 中国建筑工业出版社 2012.02 |
|
| 页数: | 973页 | |
| 开本: | 30cm | |
| 丛书名: | ||
| 单 册: | ||
| 中图分类: | F299.2 , F299.2-54 | |
| 科图分类: | ||
| 主题词: | 城市经济 , 市政经济 | |
| 电子资源: | ||
| ISBN: | 7-112-13946-5 | |
| 000 | 00737nam0 2200217 450 | |
| 001 | 1633707442 | |
| 005 | 20160401101631.26 | |
| 010 | @a7-112-13946-5@dCNY300.00 | |
| 100 | @a20160401d2012 km y0chiy0120 ea | |
| 101 | 0 | @achi |
| 102 | @aCN@b110000 | |
| 200 | 1 | @a中国建设年鉴2011@Azhong guo jian she nian jian 2011@f《中国建设年鉴》编委会编@F《zhong guo jian she nian jian》bian wei hui bian |
| 210 | @a北京@c中国建筑工业出版社@d2012.02 | |
| 215 | @a973页@d30cm | |
| 606 | 0 | @a城市经济 |
| 606 | 0 | @a市政经济 |
| 690 | @aF299.2@v4 | |
| 690 | @aF299.2-54@v4 | |
| 711 | 02 | @a《中国建设年鉴》编委会@A《zhong guo jian she nian jian》bian wei hui@4编 |
| 801 | 0 | @aCN@b大连网信软件有限公司图书馆·11@c20160401 |
| 905 | @aZUCC@dF299.2-54@eZ5662 | |
| 中国建设年鉴2011/《中国建设年鉴》编委会编.-北京:中国建筑工业出版社,2012.02 |
| 973页;30cm |
| ISBN 7-112-13946-5:CNY300.00 |
| ● |
| 相关链接 |
|
|
|
正题名:中国建设年鉴2011
索取号:F299.2-54/Z5662
 
预约/预借
| 序号 | 登录号 | 条形码 | 馆藏地/架位号 | 状态 | 备注 |
| 1 | 1222317 | 212223173 | 社科二线400B/400B社科库 31排4列5层/ [索取号:F299.2-54/Z5662] | 在馆 |